[Event "34th Chess Olympiad (men)"]
[Site "Istanbul"]
[Date "2000.11.08"]
[Round "11.1.1"]
[White "Khalifman, Alexander"]
[Black "Ivanchuk, Vassily"]
[WhiteElo "2667"]
[BlackElo "2719"]
[WhiteCountry "RUS"]
[BlackCountry "UKR"]
[Result "1/2-1/2"]

1. d4 d5 2. c4 dxc4 3. e4 e5 4. Nf3 exd4 5. Bxc4 Bb4+ 6. Nbd2 Nc6 7. O-O Nf6 
8. e5 Nd5 9. Nb3 Nb6 10. Bg5 Be7 11. Bxe7 Qxe7 12. Bb5 Bd7 13. Bxc6 Bxc6 
14. Nfxd4 Bd5 15. Qg4 g6 16. f4 c5 17. Nb5 O-O 18. Nc3 Rad8 19. Rae1 f5 20. Qg3 
1/2-1/2

[Event "34th Chess Olympiad (men)"]
[Site "Istanbul"]
[Date "2000.11.08"]
[Round "11.2.2"]
[White "Georgiev, Kiril"]
[Black "Dautov, Rustem"]
[WhiteElo "2661"]
[BlackElo "2606"]
[WhiteCountry "BUL"]
[BlackCountry "GER"]
[Result "1-0"]

1. d4 Nf6 2. c4 e6 3. Nc3 Bb4 4. Qc2 O-O 5. a3 Bxc3+ 6. Qxc3 b6 7. Nf3 Bb7 
8. e3 d6 9. b3 Nbd7 10. Bb2 c5 11. Be2 Rc8 12. O-O d5 13. Rfd1 Qe7 14. a4 Ne4 
15. Qe1 Rfd8 16. a5 Nb8 17. axb6 axb6 18. Nd2 Nxd2 19. Rxd2 Nc6 20. cxd5 exd5 
21. Qd1 cxd4 22. Bxd4 Nxd4 23. Rxd4 Ra8 24. Rxa8 Rxa8 25. Bf3 Qc5 26. g3 Qc3 
27. Kg2 Ra2 28. Bxd5 Qxe3 29. Qf3 Bxd5 30. Rxd5 Qe8 31. Rd6 b5 32. Qc6 Qf8 
33. Rd7 b4 34. Rb7 g6 35. Qe4 Qc5 36. Qe8+ Qf8 37. Qe5 Qa8 38. Qc7 Rxf2+ 
39. Kxf2 Qa2+ 40. Kf3 Qxb3+ 41. Ke4 
1-0

[Event "34th Chess Olympiad (men)"]
[Site "Istanbul"]
[Date "2000.11.08"]
[Round "11.2.3"]
[White "Lutz, Christopher"]
[Black "Kolev, Atanas"]
[WhiteElo "2595"]
[BlackElo "2582"]
[WhiteCountry "GER"]
[BlackCountry "BUL"]
[Result "1/2-1/2"]

1. e4 c5 2. Nf3 d6 3. d4 cxd4 4. Nxd4 Nf6 5. Nc3 a6 6. Be3 e6 7. f3 b5 8. g4 h6 
9. Qd2 Nbd7 10. O-O-O Bb7 11. Bd3 Ne5 12. Rhe1 Nfd7 13. f4 Nxg4 14. e5 Nc5 
15. Nxe6 Nxe6 16. f5 Nxe3 17. Rxe3 d5 18. fxe6 fxe6 19. Kb1 Qg5 20. Qe2 O-O-O 
21. Rg3 Qe7 22. a4 d4 23. Na2 Kb8 24. axb5 a5 25. Rg6 Qc7 26. Rxe6 Bc5 
27. Rg6 Rhf8 28. Rdg1 Rde8 29. e6 Re7 30. Nc1 a4 31. Rf1 Rf4 32. Rxf4 Qxf4 
33. Qe1 Qxh2 34. Bc4 Bd6 35. Nd3 Rc7 36. b3 axb3 37. Bxb3 Qh5 38. Rg1 Qxb5 
39. Qh4 Be7 40. Qxd4 Bf6 41. Qa4 Qxa4 42. Bxa4 h5 43. Kc1 h4 44. Bd7 Bc8 
45. Bxc8 Kxc8 46. Nf4 Rc5 47. Ng6 Rg5 48. Rxg5 Bxg5+ 49. Kd1 h3 50. e7 Kd7 
51. Ne5+ Kxe7 52. Ng4 Ke6 53. Ke2 Kf5 54. Kf3 Bf4 55. Nf2 h2 56. c4 Bd6 
57. Kg2 g6 58. Nd3 Ke4 59. Nf2+ Kf5 60. Nd1 Kf4 61. Nf2 g5 62. Nh3+ Kg4 
63. Nxg5 Kxg5 
1/2-1/2

[Event "34th Chess Olympiad (men)"]
[Site "Istanbul"]
[Date "2000.11.08"]
[Round "11.3.3"]
[White "Polgar, Judit (gm)"]
[Black "Anastasian, Ashot"]
[WhiteElo "2656"]
[BlackElo "2571"]
[WhiteCountry "HUN"]
[BlackCountry "ARM"]
[Result "1-0"]

1. e4 e5 2. Nf3 Nc6 3. Bb5 a6 4. Ba4 Nf6 5. O-O Be7 6. Re1 d6 7. Bxc6+ bxc6 
8. d4 exd4 9. Nxd4 Bd7 10. b3 O-O 11. Bb2 g6 12. Qf3 Nh5 13. e5 d5 14. Nd2 a5 
15. c4 c5 16. Ne2 d4 17. Nc1 Ra6 18. Nd3 Bc6 19. Qg4 a4 20. Ne4 Bxe4 
21. Qxe4 Qa8 22. Qg4 Qc8 23. Qxc8 Rxc8 24. Ba3 Ra5 25. Reb1 g5 26. g3 axb3 
27. axb3 Rb8 28. Kf1 f6 29. Ke2 Kf7 30. Kd2 Ke6 31. exf6 Bd6 32. Kc2 Rba8 
33. Bb2 Rxa1 34. Bxa1 Nxf6 35. Re1+ Kf5 36. f3 h5 37. b4 Ra2+ 38. Bb2 Nd7 
39. b5 Ne5 40. Nxe5 Bxe5 41. Kb3 Ra8 42. g4+ Kf6 43. Bc1 Bd6 44. h3 Rh8 
45. Kc2 hxg4 46. hxg4 Rh3 47. Rf1 Be7 48. Kd3 Ke6 49. Re1+ Kd6 50. Ke4 Rh6 
51. Rf1 Re6+ 52. Kd3 Rh6 53. f4 Rh4 54. Ke4 Ke6 55. f5+ Kf7 56. Rg1 Rh6 
57. Bd2 Ke8 58. Be1 Rh2 59. Bg3 Re2+ 60. Kd5 Kd7 61. Re1 Rxe1 62. Bxe1 Bd6 
63. Bd2 Bf4 64. Bxf4 gxf4 65. Ke4 Ke7 66. Kxf4 Kf7 67. g5 Ke7 68. f6+ Ke6 
69. Ke4 Kd7 70. f7 Ke7 71. g6 Kf8 72. Kf5 Ke7 73. Kg5 
1-0

[Event "34th Chess Olympiad (men)"]
[Site "Istanbul"]
[Date "2000.11.08"]
[Round "11.3.4"]
[White "Asrian, Karen"]
[Black "Portisch, Lajos"]
[WhiteElo "2566"]
[BlackElo "2573"]
[WhiteCountry "ARM"]
[BlackCountry "HUN"]
[Result "1/2-1/2"]

1. e4 c5 2. Nf3 e6 3. d4 cxd4 4. Nxd4 Nc6 5. Nc3 a6 6. Be2 d6 7. O-O Nf6 
8. Be3 Be7 9. a4 Qc7 10. f4 O-O 11. Kh1 Kh8 12. Qe1 Bd7 13. Nb3 Nb4 
14. Bd3 Nxd3 15. cxd3 Rac8 16. a5 e5 17. Rc1 Qb8 18. Nd2 exf4 19. Bxf4 Be6 
20. Bg5 Rc5 21. Nf3 Qd8 22. b4 Rc8 23. Nd4 Ng4 24. Bxe7 Qxe7 25. Qg3 Nf6 
26. Nce2 Bd7 27. h3 Rxc1 28. Rxc1 Rc8 29. Rxc8+ Bxc8 30. Qg5 Bd7 31. Ng3 h6 
32. Qf4 Ne8 33. Nge2 Kg8 34. Nc3 Nc7 35. Nf5 Bxf5 36. Qxf5 Qe6 37. Kg1 Kf8 
38. Kf2 
1/2-1/2

[Event "34th Chess Olympiad (men)"]
[Site "Istanbul"]
[Date "2000.11.08"]
[Round "11.4.3"]
[White "Kurajica, Bojan"]
[Black "Psakhis, Lev"]
[WhiteElo "2534"]
[BlackElo "2611"]
[WhiteCountry "BIH"]
[BlackCountry "ISR"]
[Result "1/2-1/2"]

1. d4 e6 2. g3 Nf6 3. Bg2 d5 4. Nf3 Be7 5. O-O O-O 6. c4 dxc4 7. Qc2 a6 
8. Qxc4 b5 9. Qc2 Bb7 10. Bg5 Nbd7 11. Rd1 Rc8 12. Nc3 c5 13. Bxf6 Nxf6 
14. dxc5 Qa5 15. Nd2 Bxg2 16. Nb3 Qc7 17. Kxg2 Bxc5 18. Ne4 Be7 19. Qxc7 Rxc7 
20. Nxf6+ Bxf6 21. Rd2 Rfc8 22. Rad1 Rc2 23. Nd4 Rxd2 24. Rxd2 Rd8 25. e3 Kf8 
26. Kf3 Bxd4 27. exd4 Ke7 28. Ke3 Rc8 29. Kd3 Kd6 30. Rc2 Rxc2 31. Kxc2 Kd5 
32. Kd3 g5 33. f3 f6 34. b3 e5 35. dxe5 Kxe5 36. Ke3 Kd5 37. Kd3 Ke5 
1/2-1/2

[Event "34th Chess Olympiad (men)"]
[Site "Istanbul"]
[Date "2000.11.08"]
[Round "11.4.4"]
[White "Sutovsky, Emil"]
[Black "Dizdarevic, Emir"]
[WhiteElo "2609"]
[BlackElo "2527"]
[WhiteCountry "ISR"]
[BlackCountry "BIH"]
[Result "1/2-1/2"]

1. e4 c6 2. d4 d5 3. e5 Bf5 4. Nc3 Qb6 5. Nf3 e6 6. Nh4 Ne7 7. Na4 Qc7 
8. Nc5 Bg6 9. g4 h5 10. Bg5 Bh7 11. gxh5 Nf5 12. Nb3 c5 13. Bb5+ Nc6 
14. Nxf5 Bxf5 15. O-O c4 16. Nc1 Be7 17. Bf4 O-O-O 18. c3 Qb6 19. Bxc6 Qxc6 
20. Qf3 Be4 21. Qg4 f6 22. Ne2 g5 23. hxg6 f5 24. Qg3 Rdg8 25. Qe3 Bd3 
26. Bg3 Bxe2 27. Qxe2 Rxg6 28. Kh1 Bg5 
1/2-1/2

[Event "34th Chess Olympiad (men)"]
[Site "Istanbul"]
[Date "2000.11.08"]
[Round "11.5.2"]
[White "Markowski, Tomasz"]
[Black "Piket, Jeroen"]
[WhiteElo "2568"]
[BlackElo "2649"]
[WhiteCountry "POL"]
[BlackCountry "NED"]
[Result "1/2-1/2"]

1. g3 d5 2. Nf3 c6 3. Bg2 Bg4 4. d3 Nd7 5. c4 e6 6. O-O Ngf6 7. cxd5 exd5 
8. Nc3 Bc5 9. Qb3 Bb6 10. Na4 O-O 11. Nxb6 axb6 12. Qc2 Re8 13. b3 Qe7 
14. Re1 Qb4 15. Bd2 Qc5 16. Qb2 Qa3 17. Bc1 Qxb2 18. Bxb2 Bxf3 19. Bxf3 b5 
20. b4 h6 21. a3 Nb6 22. Bg2 Nfd7 23. h4 Nf8 24. Rab1 Ra6 25. h5 Rd8 26. e3 Na4 
27. Ba1 d4 28. e4 c5 29. Rec1 Ne6 30. Bh3 Rc6 31. bxc5 Rxc5 32. Rxc5 Nexc5 
33. Rxb5 Nxd3 34. Rd5 Rxd5 35. exd5 Nc3 36. Kf1 Kf8 37. Bf5 Ne5 38. Bxc3 dxc3 
39. Ke2 Ke7 40. Bc2 Kd6 41. Bb3 Ng4 42. f3 Nf6 43. g4 Nxd5 44. Kd3 f5 
45. a4 fxg4 46. fxg4 Kc5 47. Bxd5 Kxd5 48. Kxc3 Ke4 49. Kc4 Kf4 50. Kb5 Kxg4 
51. Kb6 Kxh5 52. Kxb7 g5 53. a5 g4 54. a6 g3 55. a7 g2 56. a8=Q g1=Q 
57. Qe8+ Kh4 58. Qe4+ Qg4 59. Qe7+ Kg3 60. Qe1+ Kh2 61. Qe5+ Kg2 62. Qb2+ Kh3 
63. Qc3+ Qg3 64. Qc8+ Kh2 65. Qf5 Qg5 66. Qf7 h5 67. Ka6 Qe5 68. Qf2+ Kh3 
69. Qf3+ Kh4 70. Qf2+ Kg5 71. Qg2+ Kf6 72. Qf3+ Qf5 73. Qc3+ Kg6 74. Qg3+ Kh7 
75. Qh4 Qe6+ 76. Ka7 Qg4 77. Qf2 h4 78. Ka8 Qe4+ 79. Ka7 Kg6 80. Qb6+ Kf7 
81. Qb3+ Ke7 82. Qc3 Qf4 83. Qc5+ Kf7 84. Qd5+ Kg7 85. Qg2+ Qg3 86. Qb7+ Kh6 
87. Qc6+ Qg6 88. Qf3 Qg7+ 89. Ka8 Qe5 90. Qc6+ Kg7 91. Qd7+ Kg6 92. Qg4+ Qg5 
93. Qe4+ Kg7 94. Qd4+ Qf6 95. Qd7+ Kh8 96. Qe8+ Kh7 97. Qd7+ Kh6 98. Qd2+ Kg6 
99. Qg2+ Kf7 100. Qd5+ Kf8 101. Qc5+ Kg8 102. Qd5+ Kh8 103. Qh5+ Kg7 
104. Qd1 Kf8 105. Qd3 Qe6 106. Qf3+ Ke7 107. Qb7+ Kd8 108. Qb6+ Kd7 
109. Qb7+ Kd6 110. Qb4+ Kc6 111. Qa4+ Kc7 112. Qa7+ Kd6 113. Qb6+ Kd5 
114. Qb5+ Kd4 115. Qb6+ Kd5 116. Qb3+ Ke5 117. Qe3+ Kd6 118. Qb6+ Kd7 
119. Qb7+ Ke8 120. Qb5+ Kf8 121. Qc5+ Qe7 122. Qf5+ Kg7 123. Qg4+ Kh6 
124. Qf4+ Kg6 125. Qg4+ Qg5 126. Qe6+ Qf6 127. Qg4+ 
1/2-1/2

[Event "34th Chess Olympiad (men)"]
[Site "Istanbul"]
[Date "2000.11.08"]
[Round "11.5.3"]
[White "Van, Der Sterren Paul"]
[Black "Macieja, Bartlomiej"]
[WhiteElo "2569"]
[BlackElo "2536"]
[WhiteCountry "NED"]
[BlackCountry "POL"]
[Result "1/2-1/2"]

1. d4 Nf6 2. Nf3 e6 3. c4 Bb4+ 4. Bd2 Qe7 5. g3 Nc6 6. Nc3 Bxc3 7. Bxc3 Ne4 
8. Rc1 O-O 9. Bg2 d6 10. d5 Nd8 11. dxe6 Nxe6 12. O-O Nd2 13. Nxd2 a5 
14. Nb1 Qf6 15. Bd5 Nc5 16. Qd2 Qg6 17. b3 Re8 18. e3 Qh5 19. Bg2 Ne4 
20. Bxe4 Rxe4 21. Qd5 Qxd5 22. cxd5 Re7 23. g4 b6 24. Kg2 Re5 25. Rfd1 
1/2-1/2

[Event "34th Chess Olympiad (men)"]
[Site "Istanbul"]
[Date "2000.11.08"]
[Round "11.5.4"]
[White "Blehm, Pawel"]
[Black "Nijboer, Friso"]
[WhiteElo "2510"]
[BlackElo "2537"]
[WhiteCountry "POL"]
[BlackCountry "NED"]
[Result "1/2-1/2"]

1. e4 d6 2. d4 g6 3. Nc3 Bg7 4. f4 Nf6 5. Nf3 c5 6. Bb5+ Bd7 7. e5 Ng4 
8. Bxd7+ Qxd7 9. h3 cxd4 10. Qxd4 Nh6 11. g4 dxe5 12. Qxd7+ Nxd7 13. fxe5 f6 
14. exf6 exf6 15. Bf4 Nb6 16. O-O-O O-O 17. Nb5 Nf7 18. Nc7 Rad8 19. Nd4 Rd7 
20. Nde6 Rc8 21. Rxd7 Nxd7 22. Rd1 Nde5 23. Nd5 Kh8 24. Be3 Rc6 25. Ndc7 a6 
26. Bf4 Kg8 27. b3 Bf8 28. Kb1 Be7 29. c4 Bd8 30. Nxd8 Rxc7 31. Nxf7 Kxf7 
32. Bxe5 fxe5 33. Rd6 Ke7 34. Rb6 Rd7 35. c5 e4 36. Rb4 Ke6 37. c6 bxc6 
38. Rxe4+ Kd5 39. Ra4 Rf7 40. Rxa6 Rf3 41. h4 Ke5 
1/2-1/2

[Event "34th Chess Olympiad (men)"]
[Site "Istanbul"]
[Date "2000.11.08"]
[Round "11.6.1"]
[White "Antonio, Rogelio Jr"]
[Black "Gulko, Boris F"]
[WhiteElo "2547"]
[BlackElo "2643"]
[WhiteCountry "PHI"]
[BlackCountry "USA"]
[Result "1/2-1/2"]

1. e4 e6 2. d4 d5 3. Nd2 c5 4. exd5 Qxd5 5. Ngf3 cxd4 6. Bc4 Qd6 7. O-O Nf6 
8. Nb3 Nc6 9. Nbxd4 Nxd4 10. Nxd4 a6 11. b3 Qc7 12. a4 Bd6 13. Nf3 O-O 
14. Bb2 e5 15. h3 e4 16. Bxf6 exf3 17. Bb2 fxg2 18. Kxg2 Be5 19. Bxe5 Qxe5 
20. Qf3 Be6 21. Bxe6 fxe6 22. Rae1 Qg5+ 23. Qg4 Qd5+ 24. Qe4 Rf4 25. Qxd5 exd5 
26. Rd1 Rc8 27. Rd2 Rf5 28. Re1 Kf7 29. Re3 
1/2-1/2

[Event "34th Chess Olympiad (men)"]
[Site "Istanbul"]
[Date "2000.11.08"]
[Round "11.7.1"]
[White "Adams, Michael"]
[Black "Papaioannou, Ioannis"]
[WhiteElo "2755"]
[BlackElo "2578"]
[WhiteCountry "ENG"]
[BlackCountry "GRE"]
[Result "1-0"]

1. e4 c6 2. c4 d5 3. exd5 Nf6 4. Nc3 cxd5 5. d4 e6 6. Nf3 Bb4 7. cxd5 Nxd5 
8. Qc2 Nc6 9. Be2 O-O 10. O-O Nce7 11. Bd3 h6 12. Ne4 b6 13. Ne5 Bb7 
14. Qe2 Nf5 15. a3 Be7 16. Ng3 Nxg3 17. hxg3 Nf6 18. Be3 Qd5 19. f3 Qd6 
20. Rad1 Rad8 21. Bb1 Qc7 22. g4 Rfe8 23. Bf2 Bd6 24. Rc1 Qe7 25. Bh4 Bb8 
26. Qf2 Qd6 27. Rcd1 Rc8 28. g5 hxg5 29. Bxg5 Nh7 30. Bxh7+ Kxh7 31. Qh4+ Kg8 
32. Qh5 Rf8 33. Bf6 
1-0

[Event "34th Chess Olympiad (men)"]
[Site "Istanbul"]
[Date "2000.11.08"]
[Round "11.7.2"]
[White "Miladinovic, Igor"]
[Black "Short, Nigel D"]
[WhiteElo "2563"]
[BlackElo "2677"]
[WhiteCountry "GRE"]
[BlackCountry "ENG"]
[Result "1/2-1/2"]

1. d4 e6 2. c4 Nf6 3. Nc3 Bb4 4. Nf3 c5 5. g3 Nc6 6. d5 Na5 7. Nd2 d6 
8. Bg2 Bxc3 9. bxc3 O-O 10. O-O Re8 11. e4 b6 12. Re1 Ba6 13. Bf1 Qd7 14. f3 h6 
15. Qc2 Re7 16. Rd1 Rd8 17. Bb2 Qe8 18. Re1 Bc8 19. Kf2 Bd7 20. Qd3 e5 
21. Be2 Rb8 22. Reb1 a6 23. Bc1 Ba4 24. Rb2 Reb7 25. Rab1 Qc8 26. Qe3 Bd7 
27. Nb3 Qc7 28. Nxa5 bxa5 29. Qd2 
1/2-1/2

[Event "34th Chess Olympiad (men)"]
[Site "Istanbul"]
[Date "2000.11.08"]
[Round "11.7.4"]
[White "Halkias, Stelios"]
[Black "Emms, John M"]
[WhiteElo "2502"]
[BlackElo "2527"]
[WhiteCountry "GRE"]
[BlackCountry "ENG"]
[Result "1/2-1/2"]

1. d4 Nf6 2. c4 e6 3. Nf3 c5 4. d5 d6 5. Nc3 exd5 6. cxd5 g6 7. h3 a6 8. a4 Qe7 
9. Bf4 Nbd7 10. e3 Bg7 11. Be2 O-O 12. O-O Ne8 13. e4 Rb8 14. Bg5 Bf6 
15. Bh6 Bg7 16. Bg5 Bf6 17. Bh6 
1/2-1/2

[Event "34th Chess Olympiad (men)"]
[Site "Istanbul"]
[Date "2000.11.08"]
[Round "11.8.1"]
[White "Hansen, Curt"]
[Black "Ye, Jiangchuan"]
[WhiteElo "2613"]
[BlackElo "2670"]
[WhiteCountry "DEN"]
[BlackCountry "CHN"]
[Result "1/2-1/2"]

1. e4 c5 2. Nf3 e6 3. d3 Nc6 4. g3 d5 5. Nbd2 Nf6 6. Bg2 Be7 7. O-O O-O 
8. Re1 b5 9. e5 Nd7 10. Nf1 a5 11. h4 Ba6 12. Bf4 b4 13. N1h2 a4 14. a3 Bb5 
15. Bh3 Qe8 16. Ng4 Rc8 17. Qc1 Nd4 18. Nxd4 cxd4 19. Qd1 bxa3 20. bxa3 Rc3 
21. Bc1 Qc8 22. Re2 Qc7 23. Bb2 Rc8 24. Bxc3 Qxc3 25. Qb1 Ba6 26. Nh2 Bxa3 
27. Qe1 Bb5 28. Qxc3 Rxc3 29. Rb1 Bc6 30. Nf3 Bc5 31. Ree1 a3 32. Nd2 Rxc2 
33. Nb3 h5 34. Rec1 Rc3 35. Rxc3 dxc3 36. d4 Ba7 37. Rc1 Ba4 38. Rxc3 Bxb3 
39. Rxb3 Bxd4 40. Rxa3 Nxe5 41. Ra4 Bc5 42. Ra5 Bd4 43. Ra4 Kf8 44. Bf1 g6 
45. Kg2 Bc5 46. Ra5 Bb6 47. Ra6 Bc5 48. Ra5 Bd4 49. Ra4 
1/2-1/2

[Event "34th Chess Olympiad (men)"]
[Site "Istanbul"]
[Date "2000.11.08"]
[Round "11.8.3"]
[White "Hansen, Lars"]
[Black "Peng, Xiaomin"]
[WhiteElo "2562"]
[BlackElo "2657"]
[WhiteCountry "DEN"]
[BlackCountry "CHN"]
[Result "1-0"]

1. d4 Nf6 2. Nf3 g6 3. Nc3 Bg7 4. e4 d6 5. Be2 O-O 6. O-O Bg4 7. Be3 Nc6 
8. Qd2 e5 9. dxe5 dxe5 10. Rad1 Qe7 11. Bg5 Bxf3 12. Bxf3 Qc5 13. Bxf6 Bxf6 
14. Nd5 Qd6 15. Qe3 Nd4 16. c3 Nxf3+ 17. Qxf3 Bg7 18. Rd3 c6 19. Nb6 Qxd3 
20. Qxd3 axb6 21. Rb1 Ra7 22. g3 b5 23. Rd1 Rfa8 24. Kg2 Rxa2 25. Qxb5 Rxb2 
26. c4 cxb5 27. c5 Rc2 28. c6 h5 29. Kf1 
1-0

[Event "34th Chess Olympiad (men)"]
[Site "Istanbul"]
[Date "2000.11.08"]
[Round "11.9.1"]
[White "Sasikiran, Krishnan"]
[Black "Milos, Gilberto"]
[WhiteElo "2573"]
[BlackElo "2633"]
[WhiteCountry "IND"]
[BlackCountry "BRA"]
[Result "0-1"]

1. d4 Nf6 2. c4 e6 3. Nc3 Bb4 4. Bg5 c5 5. d5 Bxc3+ 6. bxc3 d6 7. e3 Qe7 
8. Nf3 Nbd7 9. Nd2 h6 10. Bh4 e5 11. Bd3 g5 12. Bg3 e4 13. Bc2 Kd8 14. h4 Re8 
15. Qb1 Kc7 16. a4 Ne5 17. Ra2 a5 18. hxg5 hxg5 19. Rh6 Nfg4 20. Rxd6 Qxd6 
21. Nxe4 Qh6 22. Qb5 Kd8 23. Rb2 b6 24. Nxg5 Qxg5 25. Qxb6+ Ke7 26. Qxc5+ Kf6 
27. f4 Qh5 28. fxe5+ Kg7 29. Be4 Nxe5 30. Qd4 Kg8 31. d6 Bf5 32. Rb5 Qh1+ 
33. Ke2 Qh5+ 34. Kd2 Qg4 35. Rxe5 Rxe5 36. Bxa8 Qxg3 37. Qf4 Qxf4 38. exf4 Re8 
39. Bd5 Bd7 40. Kd3 Bxa4 41. Kd4 Rc8 42. c5 Be8 43. Kc4 a4 44. g4 Rb8 45. g5 a3 
46. Kd3 Bc6 
0-1

[Event "34th Chess Olympiad (men)"]
[Site "Istanbul"]
[Date "2000.11.08"]
[Round "11.9.2"]
[White "Leitao, Rafael"]
[Black "Kunte, Abhijit"]
[WhiteElo "2567"]
[BlackElo "2556"]
[WhiteCountry "BRA"]
[BlackCountry "IND"]
[Result "0-1"]

1. e4 e5 2. Nf3 Nc6 3. Bb5 a6 4. Ba4 Nf6 5. O-O b5 6. Bb3 Be7 7. Re1 d6 
8. c3 O-O 9. h3 Nb8 10. d4 Nbd7 11. Nbd2 Bb7 12. Bc2 Re8 13. Nf1 Bf8 14. Ng3 g6 
15. a4 Bg7 16. d5 Qb8 17. b3 c6 18. c4 bxc4 19. bxc4 a5 20. Be3 Qc7 21. Qd2 Ba6 
22. Rac1 Nc5 23. Bxc5 dxc5 24. Red1 Rab8 25. Qe3 Bf8 26. Qg5 Bg7 27. d6 Qd8 
28. Qe3 Nd7 29. Bb3 Rb4 30. Ne1 Qh4 31. Rc3 Reb8 32. Nf1 Nf8 33. Nc2 R4b7 
34. Qxc5 Rxb3 35. Rxb3 Rxb3 36. Qxa5 Bc8 37. Ng3 Bf6 38. Qc5 Bxh3 
39. gxh3 Rxg3+ 40. fxg3 Qxg3+ 41. Kf1 Qf3+ 42. Ke1 Bh4+ 43. Kd2 Bg5+ 
44. Ne3 Ne6 
0-1

[Event "34th Chess Olympiad (men)"]
[Site "Istanbul"]
[Date "2000.11.08"]
[Round "11.9.3"]
[White "Harikrishna, P"]
[Black "Vescovi, Giovanni"]
[WhiteElo "2500"]
[BlackElo "2526"]
[WhiteCountry "IND"]
[BlackCountry "BRA"]
[Result "1/2-1/2"]

1. d4 Nf6 2. c4 e6 3. Nf3 b6 4. e3 Bb7 5. Bd3 d5 6. cxd5 exd5 7. O-O Bd6 
8. Nc3 O-O 9. b3 a6 10. Bb2 Nbd7 11. Ne2 Qe7 12. Ng3 g6 13. Rc1 Ne4 14. Rc2 f6 
15. Qe2 Rf7 16. Nh4 Nxg3 17. hxg3 Nf8 18. Re1 Bb4 19. Rec1 Bd6 20. Re1 Bb4 
21. Rec1 Bd6 
1/2-1/2

[Event "34th Chess Olympiad (men)"]
[Site "Istanbul"]
[Date "2000.11.08"]
[Round "11.9.4"]
[White "Lima, Darcy"]
[Black "Barua, Dibyendu"]
[WhiteElo "2525"]
[BlackElo "2502"]
[WhiteCountry "BRA"]
[BlackCountry "IND"]
[Result "1/2-1/2"]

1. e4 e5 2. Nf3 Nf6 3. Nc3 Nc6 4. g3 Bc5 5. Bg2 d6 6. d3 a5 7. Be3 O-O 
8. O-O a4 9. a3 h6 10. h3 Qe7 11. Qd2 Kh7 
1/2-1/2

[Event "34th Chess Olympiad (men)"]
[Site "Istanbul"]
[Date "2000.11.08"]
[Round "11.10.1"]
[White "Kotsur, Pavel"]
[Black "Ftacnik, Lubomir"]
[WhiteElo "2589"]
[BlackElo "2608"]
[WhiteCountry "KAZ"]
[BlackCountry "SVK"]
[Result "1/2-1/2"]

1. e4 c5 2. Nf3 d6 3. d4 Nf6 4. Nc3 cxd4 5. Nxd4 a6 6. Be2 e6 7. O-O Be7 
8. Be3 Qc7 9. f4 Nc6 10. Qe1 O-O 11. Qg3 Nxd4 12. Bxd4 b5 13. a3 Bb7 
14. Kh1 Bc6 15. Rae1 Qb7 16. Bd3 b4 17. Nd1 bxa3 18. bxa3 Rae8 19. Bc3 g6 
20. f5 Nh5 21. Qh3 
1/2-1/2

[Event "34th Chess Olympiad (men)"]
[Site "Istanbul"]
[Date "2000.11.08"]
[Round "11.10.3"]
[White "Sadvakasov, Darmen"]
[Black "Timoscenko, Genadij"]
[WhiteElo "2509"]
[BlackElo "2529"]
[WhiteCountry "KAZ"]
[BlackCountry "SVK"]
[Result "1/2-1/2"]

1. e4 e5 2. Nf3 Nc6 3. d4 exd4 4. Nxd4 Bc5 5. Nxc6 Qf6 6. Qd2 bxc6 7. Nc3 d6 
8. Bd3 Ne7 9. O-O Qh4 10. Na4 Bb6 11. Qg5 Qxg5 12. Bxg5 f6 13. Bd2 Kf7 
14. Nxb6 axb6 15. a4 Ba6 16. a5 Bxd3 17. cxd3 bxa5 18. Rxa5 Rhb8 19. Rxa8 Rxa8 
20. d4 Ra4 21. Bc3 Nc8 22. f3 Na7 23. b3 Ra3 24. Ra1 Rxa1+ 25. Bxa1 d5 
26. Kf2 Nb5 27. Ke3 h5 28. g3 Ke6 29. Bb2 Kd6 30. Kf4 Ke6 31. h4 Nd6 32. Ke3 g5 
33. Kd3 gxh4 34. gxh4 Nf7 35. Bc1 Nh8 36. Bf4 Ng6 37. Bg3 f5 38. Ke3 fxe4 
39. fxe4 Kd7 40. Kf3 Kc8 41. Ke3 Kb7 42. Kd3 Nf8 43. Ke3 Ne6 44. Be1 Kb6 
45. Bd2 
1/2-1/2

[Event "34th Chess Olympiad (men)"]
[Site "Istanbul"]
[Date "2000.11.08"]
[Round "11.10.4"]
[White "Mrva, Martin"]
[Black "Kostenko, Petr"]
[WhiteElo "2468"]
[BlackElo "2466"]
[WhiteCountry "SVK"]
[BlackCountry "KAZ"]
[Result "1-0"]

1. e4 e6 2. d4 d5 3. Nd2 Be7 4. Bd3 c5 5. dxc5 Nf6 6. Qe2 Nc6 7. Ngf3 Nb4 
8. O-O O-O 9. e5 Nd7 10. Nb3 a5 11. a4 Nxd3 12. cxd3 Nxc5 13. Nxc5 Bxc5 
14. Be3 d4 15. Bf4 Qd5 16. Ng5 Bd7 17. Qh5 h6 18. Ne4 Be7 19. Rfe1 b5 
20. axb5 Bxb5 21. Qh3 Rfc8 22. Nf6+ Bxf6 23. exf6 Qf5 24. Qxf5 exf5 
25. fxg7 Rc2 26. Be5 Rxb2 27. Bxd4 Rb3 28. Be5 Bxd3 29. Rec1 Kh7 30. Rc7 Rb5 
31. f4 Kg8 32. Kf2 Be4 33. Rac1 Rd5 34. Ra7 Rd2+ 35. Ke1 Rad8 36. Bf6 Bxg2 
37. Bxd8 Rxd8 38. Kf2 Rd2+ 39. Ke3 Ra2 40. Kd4 Kxg7 41. Rcc7 Kg6 42. Rxf7 Ra4+ 
43. Ke3 Ra3+ 44. Kd4 Ra4+ 45. Ke5 Re4+ 46. Kd6 Bh3 47. Rg7+ Kh5 48. Rxa5 Rxf4 
49. Ra2 Bg4 50. Ke5 Re4+ 51. Kd5 Kh4 52. Rga7 Bf3 53. Kc5 Re8 54. Rf2 Be4 
55. Rg7 Rd8 56. Rg3 Rd5+ 57. Kc4 Rd1 58. Kc3 Rd6 59. Kc4 Kh5 60. Kc5 Rd8 
61. Kc4 Bd5+ 62. Kd4 Bf3+ 63. Ke5 Bg4 64. h3 Kh4 65. Ra3 Re8+ 66. Kf6 Bxh3 
67. Rh2 f4 68. Rhxh3+ Kg4 69. Rxh6 f3 70. Rg6+ Kf4 71. Kf7 Ke4 
1-0

[Event "34th Chess Olympiad (men)"]
[Site "Istanbul"]
[Date "2000.11.08"]
[Round "11.11.1"]
[White "Bauer, Christian"]
[Black "Korchnoi, Viktor"]
[WhiteElo "2562"]
[BlackElo "2620"]
[WhiteCountry "FRA"]
[BlackCountry "SUI"]
[Result "1/2-1/2"]

1. d4 d5 2. c4 dxc4 3. Nf3 e6 4. e3 c5 5. Bxc4 Nf6 6. O-O Nc6 7. Qe2 cxd4 
8. Rd1 Be7 9. exd4 Na5 10. Bb5+ Bd7 11. Ne5 Bc6 12. Nc3 O-O 13. Bd3 Rc8 
14. Bg5 Bd5 15. Rac1 Nc6 16. Bb1 g6 17. Qd3 Nd7 18. Bh6 Ncxe5 19. dxe5 Bg5 
20. Bxf8 Bxc1 21. Bd6 Bxb2 22. Nxd5 exd5 23. Qxd5 Nxe5 24. Be4 Nc4 25. g3 Qxd6 
26. Qxd6 Nxd6 27. Rxd6 Rc7 28. Rd8+ Kg7 29. Rb8 b6 30. Rb7 Rxb7 31. Bxb7 b5 
32. Ba6 b4 33. Kf1 f5 34. f4 Kf6 35. Ke2 Bd4 36. h3 Ke6 37. Bc4+ Ke7 
38. Ba6 Kd6 39. g4 fxg4 40. hxg4 h5 41. Kf3 Ke6 42. Bd3 Kf7 43. Bc4+ Kf6 
44. Ba6 Bc3 45. gxh5 gxh5 46. Kg3 Be1+ 47. Kh3 Kf5 48. Be2 h4 49. Bd3+ Kxf4 
50. Kg2 Ke5 
1/2-1/2

[Event "34th Chess Olympiad (men)"]
[Site "Istanbul"]
[Date "2000.11.08"]
[Round "11.11.3"]
[White "Fressinet, Laurent"]
[Black "Pelletier, Yannick"]
[WhiteElo "2536"]
[BlackElo "2474"]
[WhiteCountry "FRA"]
[BlackCountry "SUI"]
[Result "1-0"]

1. e4 e6 2. d4 d5 3. Nc3 Bb4 4. exd5 exd5 5. Bd3 c6 6. Qf3 Nf6 7. Bg5 Nbd7 
8. Nge2 O-O 9. O-O-O Be7 10. Ng3 Ne8 11. Bf4 Bg5 12. Nce2 Bxf4+ 13. Nxf4 Ndf6 
14. h3 Nd6 15. Rhe1 Re8 16. Re5 Nd7 17. Rxe8+ Nxe8 18. Re1 Nf8 19. Ngh5 Ng6 
20. Qg3 Nc7 21. Nxg6 hxg6 22. Nf4 Ne8 23. h4 Bd7 24. Re5 Qf6 25. h5 gxh5 
26. Nxh5 Qh6+ 27. Nf4 Nf6 28. Rg5 Re8 29. f3 b6 30. b3 c5 31. dxc5 bxc5 
32. c4 Bg4 33. Rxg4 dxc4 34. Rh4 Nh5 35. Rxh5 Qf6 36. Bh7+ Kf8 37. Nd5 Qa1+ 
38. Bb1 g6 39. Qd6+ Kg7 40. Qf6+ 
1-0

[Event "34th Chess Olympiad (men)"]
[Site "Istanbul"]
[Date "2000.11.08"]
[Round "11.11.4"]
[White "Hug, Werner"]
[Black "Apicella, Manuel"]
[WhiteElo "2465"]
[BlackElo "2506"]
[WhiteCountry "SUI"]
[BlackCountry "FRA"]
[Result "1/2-1/2"]

1. Nf3 Nf6 2. d4 g6 3. Bg5 Bg7 4. Nbd2 O-O 5. e3 d6 6. Bc4 Nbd7 7. O-O c6 
8. a4 Qe8 9. Bb3 e5 10. a5 e4 11. Ne1 h6 12. Bh4 Kh8 13. c3 Nh7 14. f3 
1/2-1/2